| Tag |
First Indicator |
Second Indicator |
Subfields |
| LEADER |
00000cam a2200000 4500 |
| 001 |
in00000025320 |
| 005 |
20151007061150.0 |
| 008 |
800627s1950 nyuac 00010 eng |
| 010 |
|
|
|a 51000384
|
| 035 |
|
|
|a (OCoLC)06468996
|
| 035 |
|
|
|9 AAD1298AM
|
| 040 |
|
|
|c TXA
|d UtOrBLW
|
| 049 |
|
|
|a TXAM
|c [184925]
|
| 050 |
|
0 |
|a PS301.P67
|b D3
|
| 082 |
0 |
|
|a 808.1
|
| 092 |
|
|
|a 808.1
|b D252i
|
| 100 |
1 |
|
|a Davidson, Gustav,
|d 1895-1971.
|
| 245 |
1 |
0 |
|a In fealty to Apollo: Poetry Society of America, 1910-1950 /
|c Edited & compiled by Gustav Davidson, with a chronicle by A. M. Sullivan and foreword by Robert Hillyer.
|
| 264 |
|
1 |
|a New York :
|b Fine Editions Press,
|c 1950.
|
| 300 |
|
|
|a 64 pages :
|b illustrations, portraits ;
|c 24 cm.
|
| 336 |
|
|
|a text
|b txt
|2 rdacontent
|
| 337 |
|
|
|a unmediated
|b n
|2 rdamedia
|
| 338 |
|
|
|a volume
|b nc
|2 rdacarrier
|
| 610 |
2 |
0 |
|a Poetry Society of America.
|
| 999 |
|
|
|a MARS
|
| 999 |
f |
f |
|s 947bc12e-08ac-3ae8-a594-3cbce123bb2e
|i 6eda4e37-6b63-3900-bbb6-4d8ffbbde46c
|t 0
|
| 952 |
f |
f |
|p ric
|a Texas A&M University
|b Rellis Campus
|c Joint Library Facility
|d Remote Storage
|t 0
|e PS301.P67 D3
|h Library of Congress classification
|i unmediated -- volume
|m A14801196233
|
| 998 |
f |
f |
|a PS301.P67 D3
|t 0
|l Remote Storage
|